000 00290nam a2200121Ia 4500
008 240624s9999 xx 000 0 und d
041 _aeng
082 _a650.1 RAO
100 _aRAO SRIKUMAR
245 _aHAPPINESS AT WORK
260 _c2010
_aNew Delhi
_bTata McGraw-Hill
365 _cRS
_b33
999 _c26312
_d26312